| 000 | 00386nam a2200169Ia 4500 | ||
|---|---|---|---|
| 008 | 230524s9999 xx 000 0 und d | ||
| 020 | _a8187328665 | ||
| 082 | _bGAN | ||
| 100 | _aP.Radha Ganesan | ||
| 245 | 0 | _aC and Data Structures | |
| 250 | _a2ND | ||
| 260 |
_aCHENNAI _bScitech _c2003 |
||
| 300 | _aXXIV;440 | ||
| 500 | _aQuantity Number: 3 | ||
| 650 | _aComp-Sc | ||
| 942 | _cBK | ||
| 999 |
_c4816 _d4816 |
||